Central Library OPAC University of Rajshahi

Religious conversion : (Record no. 31968)

MARC details
000 -LEADER
fixed length control field 00897nam a2200265 a 4500
001 - CONTROL NUMBER
control field 31968
003 - CONTROL NUMBER IDENTIFIER
rucl marc code BD-RjUL
005 - DATE AND TIME OF LATEST TRANSACTION
control field 20211209051755.0
008 - FIXED-LENGTH DATA ELEMENTS--GENERAL INFORMATION
fixed length control field 140423s1927 enk b 001 0 eng d
035 ## - SYSTEM CONTROL NUMBER
System control number (BD-RjUL)32057
040 ## - CATALOGING SOURCE
Original cataloging agency BD-RjUL
Language of cataloging eng
Transcribing agency BD-RjUL
Modifying agency BD-RjUL
041 1# - LANGUAGE CODE
Language code of text/sound track or separate title eng
Language code of original ita
082 ## - DEWEY DECIMAL CLASSIFICATION NUMBER
Classification number 200.19
Author mark and year SAR 1927
100 1# - MAIN ENTRY--PERSONAL NAME
Personal name De Sanctis, Sante.
Dates associated with a name 1862-1935.
9 (RLIN) 97330
245 10 - TITLE STATEMENT
Title Religious conversion :
Remainder of title a bio-psychological study /
Statement of responsibility, etc. by Sante de Sanctis ; translated by Helen Augur.
260 ## - PUBLICATION, DISTRIBUTION, ETC. (IMPRINT)
Place of publication, distribution, etc. London :
Name of publisher, distributor, etc. Kegan Paul, Trench, Trubner & Co.,
Date of publication, distribution, etc. 1927.
300 ## - PHYSICAL DESCRIPTION
Pagination 324 p. ;
Size 23 cm.
500 ## - GENERAL NOTE
General note Translation of: La conversione religiosa.
504 ## - BIBLIOGRAPHY, ETC. NOTE
Bibliography, etc Includes bibliographical references and index.
650 #0 - SUBJECT ADDED ENTRY--TOPICAL TERM
Topical term or geographic name as entry element Psychology, Religious.
9 (RLIN) 97331
Topical term or geographic name as entry element Psychology, Religious.
9 (RLIN) 97332
700 1# - ADDED ENTRY--PERSONAL NAME
Personal name Augur, Helen.
942 ## - ADDED ENTRY ELEMENTS (KOHA)
Source of classification or shelving scheme Dewey Decimal Classification
Koha item type Books
Holdings
Lost status Source of classification or shelving scheme Damaged status Not for loan Collection code Permanent Location Current Location Shelving location Date acquired Source of acquisition Cost, normal purchase price Total Checkouts Full call number Date last seen Copy number Koha item type
  Dewey Decimal Classification   Not For Loan Non-fiction Central Library, University of Rajshahi Central Library, University of Rajshahi Reading Room 28/09/1956 B.H. black well 17.00   200.19 SAR 1927 23/04/2014 C-1 Books